WWE scandals and legal troubles - Statistics

General Stats
  • This quiz has been taken 329 times
    305 since last reset
  • The average score is 12 of 22
Answer Stats
Hint Answer % Correct
What wrestler apparently murdered his wife and son before committing suicide in 2007? Chris Benoit
90%
Who fell to their death during a stunt gone wrong at the Over the Edge Pay-Per-View event in 1999? Owen Hart
89%
Who testified during Vince McMahon's 1994 trial for steroid distribution that McMahon had never given him steroids or ordered him to take them? Hulk Hogan
83%
Which WWE superstar tested positive for a banned substance in UFC and was banned from competing for one year? Brock Lesnar
78%
Which former WWF superstar was arrested in 2015 for the murder of his girlfriend in 1983, but was found mentally unfit to stand trial? Jimmy Snuka
75%
WWE has been sued by more than 50 former wrestlers and estates of deceased wrestlers who alleged WWE had failed to inform them of the long-term damage caused by what kind of injury? concussions
64%
What former WWE Champion and color commentator has been accused by numerous sources of engaging in hazing and bullying incidents in the WWE locker room? John Bradshaw Layfield
64%
WWE's Wellness Policy was created in 2006 after which wrestler died suddenly of heart failure due to complications from past drug use? Eddie Guerrero
63%
Which former WWE champion was sued for defamation by a WWE doctor for things he said on a podcast in 2014? CM Punk
57%
WWE drew backlash from LGBT organization GLAAD after which two wrestlers staged a wedding on TV, only to back out at the last minute because they weren't actually gay? Billy
56%
Who was arrested for drug possession in 2006 while they were the reigning WWE Champion? Rob Van Dam
53%
WWE received significant backlash in 2018 for going forward with a Pay-Per-View event in which country, which had made international news for killing a journalist? Saudi Arabia
53%
Which wrestler was fired from WWE in 2005 due to unprofessional conduct after he discovered his girlfriend had had an affair with another wrestler? Matt Hardy
52%
Chuck
51%
The WWF changed its name to the WWE after being sued by what wilderness preservation organization? World Wildlife Fund
51%
Who legally changed their name in 1993 to part of the name of their WWF character, in order to secure rights to the name? Ultimate Warrior
50%
Which wrestler pulled a gun on another wrestler on live TV, leading to backlash from USA network and the near-cancellation of Monday Night Raw? Brian Pillman
46%
Due to stock prices plummeting, WWE quickly canceled a story in which who purchased Monday Night Raw? Donald Trump
44%
Who filed a lawsuit against WWE in 1999 for over $100 million, citing allegations of sexual harassment and unsafe working conditions? Sable
37%
Which former WWE trainer resigned in 2015 after numerous allegations of wrongdoing, including assaulting and bullying trainees, using homophobic and racial slurs, and condoning sexual harassment? Bill DeMott
33%
Who sued WWE for wrongful termination after she was fired while on maternity leave in 2005? Dawn Marie
14%
Which former female referee appeared on Geraldo Rivera's talk show in 1992 and accused Vince McMahon of raping her? Rita Chatterton
8%
No matching quizzes found
Score Distribution
Percent of People with Each Score
Percentile by Number Answered
Your Score History
You have not taken this quiz since the last reset